MARC details
| 000 -CABECERA |
| campo de control de longitud fija |
01010nam a2200265 a 4500 |
| 005 - FECHA Y HORA DE LA ÚLTIMA TRANSACCIÓN |
| campo de control |
20230602063823.0 |
| 008 - ELEMENTOS DE LONGITUD FIJA--INFORMACIÓN GENERAL |
| campo de control de longitud fija |
991125s1996 mx 000 0 spa u |
| 035 ## - NÚMERO DE CONTROL DEL SISTEMA |
| Número de control de sistema |
UPN01000002394 |
| 049 ## - COLECCIÓN |
| Colección |
TES |
| 099 ## - CLASIFICACIÓN LOCAL |
| Clasificación local |
14519 |
| 100 1# - ASIENTO PRINCIPAL--NOMBRE PERSONAL |
| Nombre de persona |
Flores García, María de los Angeles |
| 245 13 - MENCIÓN DE TÍTULO |
| Título |
El ambiente familiar en el desarrollo afectivo-social del niño de tercer grado de preescolar / |
| Mención de responsabilidad, etc. |
María de los Angeles Flores García, Jesús José Rivera Esquer. |
| 260 ## - PUBLICACIÓN, DISTRIBUCIÓN, ETC. |
| Lugar de publicación, distribución, etc. |
Hermosillo : |
| Nombre del editor, distribuidor, etc. |
M. de los A. Flores García, |
| Fecha de publicación, distribución, etc. |
1996. |
| 300 ## - DESCRIPCIÓN FÍSICA |
| Extensión |
64 h. : |
| Otras características físicas |
il. |
| 500 ## - NOTA GENERAL |
| Nota general |
"Unidad 26A" |
| 502 ## - NOTA DE TESIS |
| Nota de tesis |
Tesis (Lic. en Educación Primaria) -- Universidad Pedagógica Nacional, 1996 |
| 650 #4 - ASIENTO SECUNDARIO DE MATERIA - TERMINO TEMATICO |
| Término de materia o nombre geográfico como elemento de entrada |
AMBIENTE FAMILIAR |
| 9 (RLIN) |
2795 |
| 650 #0 - ASIENTO SECUNDARIO DE MATERIA - TERMINO TEMATICO |
| Término de materia o nombre geográfico como elemento de entrada |
Relación padres-hijos |
| 9 (RLIN) |
1359 |
| 650 #4 - ASIENTO SECUNDARIO DE MATERIA - TERMINO TEMATICO |
| Término de materia o nombre geográfico como elemento de entrada |
Socialización del niño |
| 9 (RLIN) |
3953 |
| 650 #2 - ASIENTO SECUNDARIO DE MATERIA - TERMINO TEMATICO |
| Término de materia o nombre geográfico como elemento de entrada |
Ambiente escolar |
| 9 (RLIN) |
2794 |
| 700 1# - ASIENTO SECUNDARIO--NOMBRE DE PERSONAL |
| Nombre de persona |
Rivera Esquer, Jesús José, |
| Término indicativo de función/relación |
coaut. |
| 710 2# - ASIENTO SECUNDARIO - NOMBRE CORPORATIVO |
| Nombre de entidad corporativa o nombre de jurisdicción como elemento de entrada |
Universidad Pedagógica Nacional (México). |
| Unidad subordinada |
Unidad 26A |
| 9 (RLIN) |
28465 |
| 905 ## - TIPO DE MATERIAL |
| Tipo de material |
Tesis |